[Event "GER CM03-C email"]
[Site "GER email"]
[Date "2016.06.26"]
[Round "?"]
[White "Loeschnauer, Eugen"]
[Black "De Homont, Rene"]
[Result "1/2-1/2"]
[WhiteElo "2380"]
[BlackElo "2323"]
[PlyCount "55"]
[EventDate "2016.??.??"]
[EventType "tourn (corr)"]
[EventRounds "13"]
[EventCountry "GER"]
[SourceTitle "Corr 2017"]
[Source "ChessBase"]
[SourceDate "2017.09.19"]
[SourceVersion "1"]
[SourceVersionDate "2017.09.19"]
[SourceQuality "1"]

1. c4 e5 2. Nc3 Nf6 3. Nf3 Nc6 4. g3 d5 5. cxd5 Nxd5 6. Bg2 Nb6 7. 0-0 Be7 8. a4 a5 9. d4 exd4 10. Nb5 0-0 11. Nfxd4 Nxd4 12. Nxd4 c6 13. e3 Bf6 14. Qh5 Nd7 15. Rb1 Bxd4 16. exd4 Nf6 17. Qc5 h6 18. Re1 Be6 19. b4 Ba2 20. Ra1 Bd5 21. Bxd5 Nxd5 22. b5 b6 23. Qc4 cxb5 24. Qxb5 Rc8 25. Bb2 Rc2 26. Re5 Nf6 27. Rae1 Qd6 28. d5 1/2-1/2

[Event "GER CM03-C email"]
[Site "GER email"]
[Date "2016.06.26"]
[Round "?"]
[White "Raivio, Pertti"]
[Black "Loeschnauer, Eugen"]
[Result "1/2-1/2"]
[WhiteElo "2374"]
[BlackElo "2380"]
[PlyCount "101"]
[EventDate "2016.??.??"]
[EventType "tourn (corr)"]
[EventRounds "13"]
[EventCountry "GER"]
[SourceTitle "Corr 2020"]
[Source "ChessBase"]
[SourceDate "2019.09.30"]
[SourceVersion "1"]
[SourceVersionDate "2019.09.30"]
[SourceQuality "1"]

1. e4 e6 2. d4 d5 3. Nd2 Nf6 4. e5 Nfd7 5. Bd3 c5 6. c3 Nc6 7. Ne2 cxd4 8. cxd4 f6 9. exf6 Nxf6 10. Nf3 Bd6 11. 0-0 Qc7 12. h3 0-0 13. Be3 e5 14. dxe5 Nxe5 15. Nxe5 Bxe5 16. Rc1 Qf7 17. Nd4 Ne4 18. Qc2 h6 19. Rfe1 a6 20. Bxe4 dxe4 21. Qxe4 Bd6 22. a3 Re8 23. Qd3 Rd8 24. Bd2 Bd7 25. Ba5 Rf8 26. Nf3 Bf4 27. Bd2 Bc6 28. Bxf4 Qxf4 29. Qb3+ Kh8 30. Rc3 Rad8 31. Qc2 Rfe8 32. Rce3 Rxe3 33. Rxe3 Bxf3 34. Rxf3 Qd4 35. Kh2 Qd5 36. Qe2 Qd6+ 37. g3 Qd5 38. b4 Kh7 39. h4 b5 40. Re3 Rf8 41. g4 Qc6 42. h5 a5 43. bxa5 Qc7+ 44. Kg2 Qxa5 45. f3 Rd8 46. Qc2+ Kh8 47. Qc3 Qxc3 48. Rxc3 Rd2+ 49. Kg3 Rb2 50. Kf4 b4 51. axb4 1/2-1/2